000 01321cab a22002175a 4500
001 L152205
008 110210e20110121xxk 000 0 eng d
035 _a(Sirsi) u152205
041 0 _aeng
100 1 _aHatcher, David
245 0 0 _aMarkets
_btrade counters and self-storage
260 _c2011
490 0 _aProperty Week
_v77(3) 21 January 2011, 53-62(4)
520 _aTravis Perkins now dominates the UK trade counter market with 1814 branches after its take-over of rival BSS. Opus Land is to develop its first trade counter at Erdington on the outskirts of Birmingham and joint venture Ambit/Aegon joint venture has almost completed its first trade development in Basingstoke. The 35 000 sq ft expansion of CBRE Investors' Minworth Trade Park in Birmingham is due to be ready in February. Big Yellow self-storage will only open five more units over the next two years and US company Shurgard initiates challenge to Big Yellow and Safestore in the UK self-storage market. Caisson Investment Management seeks £50-100m of equity for its self-storage fund.
590 _aKA
651 4 _aUnited Kingdom
_y
690 _aPROPERTY-COMMERCIAL PROPERTY-COMMERCIAL PROPERTY MARKET
690 _aPROPERTY-COMMERCIAL PROPERTY-COMMERCIAL PROPERTY FINANCE AND INVESTMENT
700 1 _aPenniston, David
942 _n0
999 _c82913
_d82913